| 000 | 00366nam a22001457a 4500 | ||
|---|---|---|---|
| 999 |
_c8165 _d8165 |
||
| 003 | OSt | ||
| 005 | 20200807163303.0 | ||
| 008 | 200807b ||||| |||| 00| 0 eng d | ||
| 020 | _a9780387984353 | ||
| 082 | _a534 | ||
| 100 | _a Beyer, Robert T. | ||
| 245 | _aSounds of our times : two hundred years of acoustics | ||
| 260 |
_aNew York _bSpringer _c1999 |
||
| 942 | _2ddc | ||